000 02150nam a2200481 c 4500
003 BLK
005 20250715084659.0
008 180411b bul|||||r ||||||| ||bul||
010 _aKNG00200339000
020 _a978-619-153-129-5
_bиздат.: Паритет
040 _aBLK
041 _aBUL
_cBUL
072 7 _2bullib
_aН83
_xЧужда художествена литература Н
080 _aРуска литература
_b821.161.1
_x-94
_z821.161.1-94
080 _aКиноактьори
_b791.44.071.2
_x(73)(092)(0:82-9)
_z791.44.071.2(73)(092)(0:82-9)
080 _aГрета Ловиса Густафсон. Шведско-американска актриса
_b929 Гарбо, Грета
_x
_z929 Гарбо, Грета
100 1 _aБенуа, София
_eпърви автор
_9341742
700 1 _aСтоянова, Наташа
_eпрев. от рус.
_9384885
139 _aБенуа, София
_bБ 37
245 1 0 _aГрета Гарбо
_bИзповедта на един паднал ангел
_cСофия Бенуа; прев. от рус. Наташа Стоянова.
257 _aRUS
260 София
_bПаритет
_c2017
300 _a272 с.
_bсъс сн.
_c21 см
380 _aX
500 _aБез сведение за ориг. загл. ; Ориг. загл. Грета Гарбо. Исповедь падшего ангела / Софья Бенуа.
600 1 4 _aГарбо, Грета
_9223987
650 4 _aГарбо, Грета
_9223987
650 4 _aКиноартисти, американски
_9243276
650 4 _aКиноартисти, шведски
_9319999
651 4 _aСАЩ
_9179493
651 4 _aШвеция
_9273643
653 _aГрета Гарбо
653 _aамерикански актьори
653 _aкиноартисти
653 _aбиографии
659 _aН
852 _aЦб 284300
856 4 _qpdf
_u
856 4 _qpdf
_u
942 _cKNG
_n0
_033
944 _aCR
_c09.02.2017
_lЦветомила Тодорова
_k30576
944 _aED
_c16.03.2017
_lф /
_kЛюдмила_Стоянова
999 _c191182
_d191182